Normal view
MARC view
- البنك الإسلامي الإردني
Entry Personal Name
001 - CONTROL NUMBER
- control field: 56614
003 - CONTROL NUMBER IDENTIFIER
- control field: JO-AjAnu
005 - DATE AND TIME OF LATEST TRANSACTION
- control field: 20230606083257.0
008 - FIXED-LENGTH DATA ELEMENTS
- fixed length control field: 230606|| aca||aabn | a|a d
040 ## - CATALOGING SOURCE
- Original cataloging agency: JO-AjAnu
- Transcribing agency: JO-AjAnu
100 ## - HEADING--PERSONAL NAME
- Personal name: البنك الإسلامي الإردني
670 ## - SOURCE DATA FOUND
- Source citation: Work cat.: (JO-AjAnu)28888: البنك الإسلامي الإردني, author, البنك الإسلامي الأردني، التقرير السنوي السادس والثلاثون 2014